000
00213 a2200097 4500
001
49441
100
_a
Stevenson
245
_a
Treasure Island
260
_a
London
_b
Thames Nelson & Sons
_c
090
_c
31976
_d
31976
942
_a
NUST-CAE
_c
N
_c
24420
999
_c
284514
_d
284514